| 000 | 01316nam0a2200313 4500 | ||
|---|---|---|---|
| 001 | RU\NLR\bibl\1278945 | ||
| 005 | 20250615140531.0 | ||
| 010 |
_a978-5-9626-0386-5 _92000 |
||
| 021 |
_aRU _b2008-61811 _93489 |
||
| 035 | _a(NLR Aleph) 001264740 | ||
| 090 |
_a401436 _c401436 |
||
| 100 | _a20080929d2009 |||y0rusy50 ca | ||
| 101 | 1 |
_arus _ceng |
|
| 102 | _aRU | ||
| 105 | _aa ||||||||| | ||
| 200 | 1 |
_aБыстрая трасформация _eкак реорганизовать компанию за 90 дней _fБенам Табризи _g[пер. с англ. Бабейкиной Д.А.] |
|
| 210 |
_aМосква _cВершина _d2009 |
||
| 215 |
_a396, [1] с. _cил. _d23 |
||
| 300 | _aЗагл. и авт. ориг.: Rapid transformation / Behnam N. Tabrizi | ||
| 300 | _aНа 7-й с. авт.: д-р Бенам Табризи, проф. | ||
| 320 | _aБиблиогр. в прим.: с. 383-396 | ||
| 454 | 0 |
_12001#$aRapid transformation$fBehnam N. Tabrizi _1700#1$aTabrizi$bB. N.$gBehnam N$4070 _tRapid transformation _aTabrizi, Behnam N |
|
| 606 | 1 |
_aФирмы _xРеструктуризация _92541584 _3RU\NLR\auth\661504622 |
|
| 686 | _aУ29(0) | ||
| 700 | 1 |
_aТабризи _bБ. _gБенам _4070 |
|
| 801 | 0 |
_aRU _bNLR _c20080929 _gRCR |
|
| 801 | 1 |
_aRU _bNLR _c20080929 |
|
| 942 | _cBOOK | ||
| 980 | _aNB | ||